000
00307pab a2200109 454500
008
180718b xxu||||| |||| 00| 0 eng d
100
_a
Balakrishnan, Pulapre
245
_a
Rational expectations and price behaviour in India
650
_a
Prices - India
773
_a
Economic and Political Weekly
909
_a
24604
999
_c
24604
_d
24604